All Premier League CAM's 23/24 - Statistics

General Stats
  • This quiz has been taken 28 times
  • The average score is 25 of 35
Answer Stats
Club Nation # Answer % Correct
Arsenal Germany 29 Kai Havertz
100%
Arsenal Norway 8 Martin Odegaard
100%
Man City Portugal 20 Bernardo Silva
96%
Man United Portugal 8 Bruno Fernandes
96%
Chelsea England 20 Cole Palmer
96%
Man City Belgium 17 Kevin de Bruyne
96%
Arsenal England 10 Emile Smith Rowe
92%
Burnley England 21 Aaron Ramsey
88%
Chelsea France 18 Christopher Nkunku
88%
Arsenal Portugal 21 Fabio Vieira
88%
Aston Villa England 41 Jacob Ramsey
88%
Spurs England 10 James Maddison
88%
Fulham Nigeria 22 Alex Iwobi
84%
Liverpool England 19 Harvey Elliott
84%
West Ham Ghana 14 Mohammed Kudus
84%
Crystal Palace England 10 Eberechi Eze
80%
West Ham Brazil 10 Lucas Paqueta
80%
Man United England 7 Mason Mount
80%
Aston Villa Italy 22 Nicolo Zaniolo
80%
Fulham Brazil 18 Andreas Pereira
76%
Fulham Jamaica 14 Bobby Decordova-Reid
76%
Spurs Argentina 18 Giovani Lo Celso
76%
Wolves Gabon 14 Noha Lemina
76%
Brighton Paraguay 10 Julio Enciso
72%
Nottingham England 10 Morgan Gibbs-White
68%
Nottingham USA 20 Gio Reyna
60%
Brighton Argentina 40 Facundo Buonanotte
56%
Brentford Iran 14 Saman Ghoddos
56%
Brighton England 14 Adam Lallana
52%
Bournemouth Scotland 10 Ryan Christie
52%
Crystal Palace Brazil 11 Matheus Franca
44%
Everton England 20 Dele Alli
24%
Man United England 47 Shola Shoretire
24%
Brentford Ukraine 33 Yegor Yarmolyuk
20%
Luton Town Nigeria 32 Fred Onyedinma
16%
No matching quizzes found
Score Distribution
Percent of People with Each Score
Percentile by Number Answered
Your Score History
You have not taken this quiz